000 00332nam a2200133Ia 4500
008 191201s1989 xx 000 0 und d
082 _a677.02832
_bLEH
100 _aLEWIN, menachem
245 0 _aHigh Technology Fibers Part B
260 _aNew York
_bMarcel Dekker
_c1989
300 _a332
650 _aB.Tech(TE)
942 _2ddc
_cBK
999 _c3380
_d3380